📖🎭150 premiers mots "En attendant Godot" Samuel Beckett - Statistiques

Statistiques générales
  • Ce quiz a Ă©tĂ© pris 23 fois
  • Le rĂ©sultat moyen est 73 sur 150
Statistiques - réponses
Mots % Correct
Ă 
100%
À
100%
n'
100%
t'
100%
d'
94%
Estragon,
94%
Estragon
94%
Estragon) :
94%
Estragon.)
94%
Il
94%
(Il
94%
J'
94%
l'
94%
la
94%
l'heure. ...
94%
s'
94%
(s'
94%
Vladimir.)
94%
Vladimir
94%
Vladimir,
94%
de
88%
- Je
88%
je
88%
Je
88%
des
81%
en
81%
le
81%
ai
75%
Et
75%
les
75%
sa
75%
te
75%
tu
75%
- Tu
75%
au
69%
pas
69%
se
69%
sur
69%
une
69%
pour
63%
- Que
63%
que
63%
me
56%
suis
56%
tout
56%
- Tout
56%
as
50%
faire.
44%
faire
44%
avec
38%
(avec
38%
heure,
38%
main
38%
- Moi
38%
y
38%
- Alors,
31%
cette
31%
- Rien
31%
tend
31%
toi.
31%
toi
31%
assis
25%
aussi.
25%
crois ?
25%
deux
25%
MĂȘme
25%
Entre
19%
mains,
19%
petits
19%
toujours.
19%
approchant
13%
bout
13%
campagne,
13%
chaussure.
13%
content
13%
encore
13%
pierre,
13%
revoir.
13%
Soir.
13%
ahanant.
6%
arbre.
6%
arrĂȘte,
6%
disant,
6%
enlever
6%
essaie
6%
essayé.
6%
forces,
6%
jambes
6%
LĂšve-
6%
longtemps
6%
parti
6%
pensée,
6%
(Route
6%
acharne
0%
combat.
0%
commence
0%
croire.
0%
croyais
0%
écartées) :
0%
embrasse.
0%
fĂȘter
0%
haletant,
0%
immobilise.)
0%
irritation.) :
0%
jeu.
0%
nouveau) :
0%
raides,
0%
raisonnable,
0%
recommence.
0%
recueille,
0%
réfléchit.)
0%
(renonçant
0%
repose
0%
reprenais
0%
résisté
0%
réunion ?
0%
revoilĂ ,
0%
sois
0%
songeant
0%
Aucun quiz correspondant
Distribution des résultats
% des personnes avec chaque résultat
Percentile par nombre de réponses
Votre historique - résultats
Vous n’avez pas pris ce quiz